World Leader to Country Flag #1 - Statistics

General Stats
  • This quiz has been taken 5 times
  • The average score is 6 of 20
Answer Stats
Picture Hint Answer % Correct
Prime Minister Boris Johnson
100%
President Jair Bolsonaro
100%
President Xi Jinping
80%
President Volodymyr Zelensky
60%
President Abdel Fattah el-Sisi
40%
Taoiseach Micheál Martin
40%
President of the Government Pedro Sánchez
40%
President Recep Tayyip Erdoğan
40%
Supreme Leader Ali Khamenei
20%
King Harald V
20%
Prime Minister Jean Castex
20%
President Joko Widodo
20%
Prime Minister Mark Rutte
20%
President Muhammadu Buhari
20%
President Sergio Mattarella
20%
Queen Elizabeth ll
0%
Prime Minister Florin Cîțu
0%
Premier of the Cabinet Kim Tok-hun
0%
President Reuven Rivlin
0%
Prime Minister Sheikh Hasina
0%
No matching quizzes found
Score Distribution
Percent of People with Each Score
Percentile by Number Answered
Your Score History
You have not taken this quiz